| 000 | 00911cam a2200205 4500 | ||
|---|---|---|---|
| 001 | WB3906-08 | ||
| 008 | 030212n2003 000 0 eng u | ||
| 035 | _a(Sirsi) u121331 | ||
| 245 | _aExtra money for flood and coastal defence | ||
| 260 | _c2003 | ||
| 490 |
_aDEFRA News Release _v(49/03) 12 February 2003 (1) |
||
| 520 | _aGovernment announced an extra £22m in 2003-04 on capital projects and studies for flood and coastal defence. This is additional to the £185m increase in all government spending on flood and coastal defence over the period 2003-04 to 2005-06. http://www.gnn.gov.uk/gnn/national.nsf/Today's+Releases+Frame/D95F966CF3EDF87580256CCB0032D2C4?opendocument. | ||
| 590 | _aWB | ||
| 650 | _aFLOOD DEFENCES | ||
| 650 | _aCOASTAL DEFENCE | ||
| 650 | _aCAPITAL PROJECTS | ||
| 650 | _aFLOOD RISK | ||
| 690 | _aENVIRONMENTAL AND LAND CONSULTANCY-ENVIRONMENTAL MANAGEMENT | ||
| 942 | _n0 | ||
| 999 |
_c72099 _d72099 |
||